LEADER 00840nam0-22002891i-450- 001 990005792650403321 005 20080519093526.0 035 $a000579265 035 $aFED01000579265 035 $a(Aleph)000579265FED01 035 $a000579265 100 $a19990604d1961----km-y0itay50------ba 101 0 $amul 105 $ay-------001yy 200 1 $aACTES des Ap(tres$eEpetres de Jacques, Pierre, Jean et Jude$fpublič par Rodolphe Kasser 210 $aCologny-Genčve$cBibliotheca Bodmeriana$d1961 215 $a270 p.$d26 cm 225 1 $aPapyrus Bodmer$v17 610 0 $aBibbia$aAntico Testamento 676 $a220.4 801 0$aIT$bUNINA$gRICA$2UNIMARC 901 $aBK 912 $a990005792650403321 952 $a220.4 BOD 1 (17)$bBIBL. 36038$fFLFBC 959 $aFLFBC 996 $aACTES des Ap(tres$9569273 997 $aUNINA LEADER 00922nam0-2200277---450- 001 990009848680403321 005 20140414100548.0 035 $a000984868 035 $aFED01000984868 035 $a(Aleph)000984868FED01 035 $a000984868 100 $a20140414d1886----km-y0itaa50------ba 101 0 $aita 102 $aIT 105 $ay-------001yy 200 1 $aNuovi volumi di registri angioini$eora formati con quaderni e fogli che giŕ esistevano dimenticati e confusi nell'Archivio di Stato di Napoli$fnota di Bartolomeo Capasso 210 $aNapoli$cR. Stabilimento tipografico Francesco Giannini & figli$d1886 215 $a46 p.$d26 cm 700 1$aCapasso,$bBartolomeo$f<1815-1900>$036189 801 0$aIT$bUNINA$gRICA$2UNIMARC 901 $aBK 912 $a990009848680403321 952 $a01.301.1$b3971$fDARST 959 $aDARST 996 $aNuovi volumi di registri angioini$9825941 997 $aUNINA LEADER 01399nam--2200409---450- 001 990003149790203316 005 20080924103920.0 010 $a88-86291-17-5 035 $a000314979 035 $aUSA01000314979 035 $a(ALEPH)000314979USA01 035 $a000314979 100 $a20080924d1998----km-y0itay50------ba 101 $aita 102 $aIT 105 $a||||||||001yy 200 1 $aAngelo Casciello: opere recenti$eNapoli, Palazzo Reale, 16 maggio-30 settembre 1998$ePalazzo Serra di Cassano, 5-30 settembre 1998$fa cura di Massimo Bignardi 210 $aRoma$cArtemide$dcopyr. 1998 215 $a62 p.$cill.$d33 cm 300 $aCatalogo della mostra 300 $aIn testa al front.: Ministero per i Beni Culturali e Ambientali; Soprintendenza per i Beni Ambientali e Architettonici di Napoli e provincia; Istituto Italiano per gli Studi Filosofici 410 0$12001 454 1$12001 461 1$1001-------$12001 600 0 $aCasciello,$bAngelo$xEsposizioni$z1998 676 $a730.924 702 1$aCASCIELLO,$bAngelo 702 1$aBIGNARDI,$bMassimo 801 0$aIT$bsalbc$gISBD 912 $a990003149790203316 951 $aV F 2 NAP 005$b5214 DBC$cV F 959 $aBK 969 $aDBC 979 $aDBC$b90$c20080924$lUSA01$h1037 979 $aDBC$b90$c20080924$lUSA01$h1039 996 $aAngelo Casciello: opere recenti$91018267 997 $aUNISA